10 Letter Capital Cities - Statistics

General Stats
  • This quiz has been taken 10 times
  • The average score is 14 of 15
Answer Stats
Country Answer % Correct
Asia Kuwait Kuwait City
100%
North America Mexico Mexico City
100%
South America Uruguay Montevideo
100%
North America Panama Panama City
100%
North America USA Washington
100%
Oceania New Zealand Wellington
100%
Africa Ethiopia Addis Ababa
89%
Europe Slovakia Bratislava
89%
North America Barbados Bridgetown
89%
Europe Denmark Copenhagen
89%
South America Guyana Georgetown
89%
South America Suriname Paramaribo
89%
North America Saint Kitts and Nevis Basseterre
78%
Africa Gabon Libreville
78%
Africa Mauritania Nouakchott
78%
No matching quizzes found
Score Distribution
Percent of People with Each Score
Percentile by Number Answered
Your Score History
You have not taken this quiz